000 00446nam a22001337a 4500
008 140221b xxu||||| |||| 00| 0 eng d
050 _aBX1682.M31K15
100 _aBishop Kalolombe P. A.
_98880
245 _aChrist's church in Lilongwe Today and Tomorrow
_cBishop P. A. Kalilombe
260 _aLilongwe
_bLikuni Press
_c1973
300 _a39p. ;
_c18cm.
650 _aCatholic Church in Malawi
_xPastoral theology
_98881
942 _2lcc
_cMONOGRAPH
999 _c120145
_d120145